| 000 | 00595nam a22001817a 4500 | ||
|---|---|---|---|
| 999 |
_c26215 _d26215 |
||
| 003 | BDDh-ASL | ||
| 005 | 20231015030621.0 | ||
| 008 | 211005s1946 p ||||| |||| 00| 0 u d | ||
| 040 |
_aBDDh-ASL _cBDDh-ASL |
||
| 082 |
_a909 _bMUS |
||
| 100 | 1 |
_94703 _aMuhsini, Shamsur Rahman |
|
| 245 | 1 | 0 | _aShah Wali Ullah Ki Umrani Nazri : / شاہ ولی اللہ کے عمرانی نظریے |
| 246 | _aShah Wali Ullah Ki Umrani Nazri | ||
| 260 |
_aLahore : _bSindh Sagar Academy , _c1946. |
||
| 300 |
_a142 p. : _c18 cm. |
||
| 650 | 0 |
_aCivilization _vCivilization Studies _92822 |
|
| 942 |
_2ddc _cBK |
||